00890nam a2200193Ia 4500003000400000005001700004008004100021020001800062040002100080041000800101082001400109100004000123245005700163260007100220300006300291500005500354520026800409650001900677OSt20250612111956.0191128s2014 cl a jr 000 f spa d a9789563581812 aCO-JMCRcCO-JMCR aspa04aJ-NbSESe1 aSesnich Espinoza, Patricio, eautor10aEsos pequeños gestos / cPatricio Sesnich Espinoza aChile : bEl autor, 2014 (impresión Impresores y Editores Emelno a76 páginas : bilustraciones a blanco y negro ; c20 cm. aIncluye datos biográficos del autor en la solapa aOnce historias cuya línea temática es la juventud y sus relaciones humanas, siempre mutantes, y, a veces conflictivas. Son historias en las que la comunicación, o la ausencia de comunicación, el el leitmotiv que mueve el hijo conductor de estos relatos, b14aNovela juvenil